00876nam a2200253Ia 4500999001500000001000900015003000600024005001700030008004100047020001500088040001300103082001500116092001600131100005000147245007300197246005400270260005100324300002000375600003500395600003900430650002100469942001200490952012000502 c7679d767938211209OCoLC20190215152448.0980116s1971 miu 000 0 eng d a0801079403 aPBEcPBE a252bS772s a252bS772T31 aSpurgeon, C. H.q(Charles Haddon),d1834-189210a12 sermons on the passion and death of Christ /cCharles H. Spurgeon3 aTwelve sermons on the passion and death of Christ aGrand Rapids, Mich. :bBaker Book House,c1971 a152 p. ;c20 cm00aJesus ChristxPassionxSermons00aJesus ChristxCrucifixionxSermons 0aSermons, English 2ddccBK 00102ddc40708NFICaHMCbHMCcGENd2019-02-15g150.00l0o252 S772sp008809r2019-02-15 00:00:00w2019-02-15yBK